<?xml version="1.0" encoding="UTF-8"?>
<record
    xmlns:xsi="http://www.w3.org/2001/XMLSchema-instance"
    xsi:schemaLocation="http://www.loc.gov/MARC21/slim http://www.loc.gov/standards/marcxml/schema/MARC21slim.xsd"
    xmlns="http://www.loc.gov/MARC21/slim">

  <leader>00473nam a2200169Ia 4500</leader>
  <controlfield tag="008">230718s9999    xx            000 0 und d</controlfield>
  <datafield tag="020" ind1=" " ind2=" ">
    <subfield code="a">9781607142706</subfield>
  </datafield>
  <datafield tag="041" ind1=" " ind2=" ">
    <subfield code="a">eng</subfield>
  </datafield>
  <datafield tag="082" ind1=" " ind2=" ">
    <subfield code="a">658.1</subfield>
    <subfield code="b">KAP</subfield>
  </datafield>
  <datafield tag="100" ind1=" " ind2=" ">
    <subfield code="a">Kaplan Publishing</subfield>
    <subfield code="9">173973</subfield>
  </datafield>
  <datafield tag="245" ind1=" " ind2=" ">
    <subfield code="a">GMAT Premier:</subfield>
    <subfield code="b">2010-2011 Edition</subfield>
  </datafield>
  <datafield tag="260" ind1=" " ind2=" ">
    <subfield code="c">2010</subfield>
    <subfield code="b">Kaplan Pub.</subfield>
  </datafield>
  <datafield tag="300" ind1=" " ind2=" ">
    <subfield code="a">666</subfield>
  </datafield>
  <datafield tag="365" ind1=" " ind2=" ">
    <subfield code="c">Rs.</subfield>
    <subfield code="b">1372.00</subfield>
  </datafield>
  <datafield tag="700" ind1=" " ind2=" ">
    <subfield code="a">Kaplan Publishing</subfield>
    <subfield code="9">173973</subfield>
  </datafield>
  <datafield tag="906" ind1=" " ind2=" ">
    <subfield code="d">O:0100009-Aug-2010B:110110032222-Jul-2010</subfield>
    <subfield code="c">IT</subfield>
    <subfield code="b">2469.6</subfield>
  </datafield>
  <datafield tag="999" ind1=" " ind2=" ">
    <subfield code="c">325557</subfield>
    <subfield code="d">325557</subfield>
  </datafield>
  <datafield tag="952" ind1=" " ind2=" ">
    <subfield code="0">0</subfield>
    <subfield code="1">0</subfield>
    <subfield code="4">0</subfield>
    <subfield code="7">0</subfield>
    <subfield code="a">CCEP</subfield>
    <subfield code="b">CCEP</subfield>
    <subfield code="d">2010-08-09</subfield>
    <subfield code="e">Varma Book Distributors</subfield>
    <subfield code="f">IT</subfield>
    <subfield code="g">1097.60</subfield>
    <subfield code="i">1101100322</subfield>
    <subfield code="l">0</subfield>
    <subfield code="o">658.1</subfield>
    <subfield code="p">CCEP-BK-36764</subfield>
    <subfield code="r">2023-07-18 00:00:00</subfield>
    <subfield code="t">2469.6</subfield>
    <subfield code="v">1372.00</subfield>
    <subfield code="w">2010-07-22</subfield>
    <subfield code="y">BK</subfield>
    <subfield code="z">036764</subfield>
  </datafield>
</record>
